Hágalo usted mismo con excel para windows 95 / (Registro nro. 10451)

Detalles MARC
000 -LIDER
fixed length control field 00888nam a22002657a 4500
001 - NÚMERO DE CONTROL
Identificador de número de control 00555
003 - IDENTIFICACDOR DE NÚMERO DE CONTROL
control field DO-SdBNP
005 - DATE AND TIME OF LATEST TRANSACTION
control field 20220602094215.0
007 - CAMPOS FIJOS DE DESCRIPCIÓN FÍSICA
fixed length control field 00555
008 - ELEMENTOS DE LONGITUD FIJA
fixed length control field 160620b1996 mx ||| 00| 0 spa d
020 ## - ISBN
International Standard Book Number 9789688806111
040 ## - FUENTE DE CATALOGACIÓN
Agencia que crea de manera original el registro BPMSU
Idioma de catalogación spa
Agencia que realiza la transcripción BPMSU
082 ## - NÚMERO DE CLASIFICACIÓN DECIMAL DE DEWEY
Classification number 005.3
Item number B923h 1996
Edition number 22
100 1# - ASIENTO PRINCIPAL -- NOMBRE PERSONAL
Nombre personal Maarmel, Elaine
245 1# - MENCIÓN DE TITULO
Título Hágalo usted mismo con excel para windows 95 /
Mención de responsabilidad Elaine Marmel, Lisa Bucki, Ed Guilford ; traducción Rebeca Alicia Sánchez López
260 ## - PUBLICACIÓN, DISTRIBUCIÓN, ETC. (PIE DE IMPRENTA)
Lugar de publicación, distribución, etc México :
Nombre del editor, distribuidor, etc. Prentice-Hall Hispanoamericana,
Fecha de publicación, distribución, etc 1996.
300 ## - DESCRIPCIÓN FÍSICA
Extensión ix, 556 p. :
Otros detalles físicos il. ;
Dimensiones 28 cm.
534 ## - NOTA SOBRE LA VERSIÓN ORIGINAL
Asiento principal del original Título original :
Mención del título original The big basic book of excel for windows 95.
650 #4 - ENCABEZAMIENTO DE MATERIA--TEMÁTICO
Término temático o nombre geográfico como elemento de entrada Microsoft Excel (archivo de computadora)
Subdivisión de forma Manuales.
700 1# - ASIENTO SECUNDARIO -- NOMBRE PERSONAL
Nombre personal Bucki, Lisa
700 1# - ASIENTO SECUNDARIO -- NOMBRE PERSONAL
Nombre personal Guilford, Ed
700 1# - ASIENTO SECUNDARIO -- NOMBRE PERSONAL
Nombre personal Sánchez López, Rebeca Alicia,
Mención de responsabilidad tr.
910 ## - VALIDACIÓN
Validación VMateo V.
942 ## - ADDED ENTRY ELEMENTS (KOHA)
Source of classification or shelving scheme Dewey Decimal Classification
Koha item type Libros
Existencias
Withdrawn status Lost status Source of classification or shelving scheme Damaged status Not for loan Home library Current library Date acquired Full call number Barcode Date last seen Price effective from Koha item type
    Dewey Decimal Classification     Biblioteca Pública Metropolitana Salomé Ureña Biblioteca Pública Metropolitana Salomé Ureña 06/20/2016 BPMSU CG 005.3 B923h 1996 BPMSU16060259 06/20/2016 06/20/2016 Libros